| 000 | 01413nam a2200409 i 4500 | ||
|---|---|---|---|
| 001 | 42370 | ||
| 003 | KOSZ 005 | ||
| 005 | 20230802101939.0 | ||
| 008 | 030121s2002 pl f |000 0 pol | ||
| 020 | _a8320427681 | ||
| 040 |
_cKOSZ 005 _aKOSZ 005 _dKOSZ 005/HR |
||
| 041 | 1 |
_apol _heng |
|
| 046 | _k1998 | ||
| 080 | _a004.451 | ||
| 080 | _a(07) | ||
| 100 | 1 |
_aSilberschatz, Abraham _eAutor |
|
| 245 | 1 | 0 |
_aPodstawy systemów operacyjnych / _cAbraham Silberschatz, Peter B. Galvin ; z ang. przeł. Zdzisław Płoski. |
| 246 |
_iTyt. oryg.: _aOperating system concepts |
||
| 250 | _aWyd. 5. | ||
| 260 |
_aWarszawa : _bWydawnictwa Naukowo-Techniczne, _c2002. |
||
| 300 |
_aXX, 995, [1] s. : _bil. ; _c25 cm. |
||
| 336 |
_2rdacontent _aTekst _btxt |
||
| 337 |
_2rdamedia _aBez urządzenia pośredniczącego _bn |
||
| 338 |
_2rdacarrier _aWolumin _bnc |
||
| 380 | _aKsiążki | ||
| 380 | _aPublikacje fachowe | ||
| 388 | _a1901-2000 | ||
| 500 | _aTyt. oryg.: "Operating system concepts" 1998. | ||
| 504 | _aBibliogr. Indeks. | ||
| 658 | _aInformatyka i technologie informacyjne | ||
| 655 | _aPodręcznik | ||
| 650 | 4 | _aSystemy operacyjne | |
| 700 | 1 |
_aGalvin, Peter B. _eAutor |
|
| 700 | 1 |
_aPłoski, Zdzisław _d(1951- ) _eTłumaczenie |
|
| 856 |
_uhttp://koha.tu.koszalin.pl/cgi-bin/koha/opac-detail.pl?biblionumber=42370 _yKatalog online BPK |
||
| 942 |
_cKS _2UKD |
||
| 999 |
_c42370 _d42370 |
||